Maires des villes de plus de 100 000 habitants en France - Statistiques

Statistiques générales
  • Ce quiz a été pris 307 fois
  • Le résultat moyen est 13 sur 42
Statistiques - réponses
Par images Hint Réponse % Correct
Nice Eric Ciotti
98%
Le Havre Édouard Philippe
92%
Paris Emmanuel Grégoire
92%
Marseille Benoît Payan
83%
Lyon Grégory Doucet
77%
Perpignan Louis Aliot
63%
Strasbourg Catherine Trautmann
58%
Saint-Denis (93) Bally Bagayoko
57%
Le Mans Stéphane Le Foll
55%
Toulouse Jean-Luc Moudenc
54%
Nantes Johanna Rolland
48%
Bordeaux Thomas Cazenave
41%
Angers Christophe Béchu
39%
Grenoble Laurence Ruffin
37%
Montpellier Michaël Delafosse
35%
Lille Arnaud Deslandes
28%
Rennes Nathalie Appéré
28%
Rouen Nicolas Mayer-Rossignol
28%
Reims Arnaud Robinet
26%
Toulon Josée Massi
25%
Annecy Antoine Armand
22%
Metz François Grosdidier
17%
Nancy Mathieu Klein
15%
Saint-Étienne Régis Juanico
14%
Tours Emmanuel Denis
13%
Saint-Denis (974) Ericka Bareigts
10%
Montreuil Pierre Bessac
10%
Nîmes Vincent Bouget
9%
Clermont-Ferrand Julien Bony
8%
Orléans Serge Grouard
8%
Aix-en-Provence Sophie Joissains
8%
Amiens Frédéric Fauvet
7%
Dijon Nathalie Koenders
7%
Caen Aristide Olivier
6%
Villeurbanne Cédric Van Styvendael
6%
Argenteuil Georges Mothron
5%
Limoges Guillaume Guerin
5%
Besançon Ludovic Fagaut
5%
Boulogne-Billancourt Pierre-Christophe Baguet
5%
Brest Stéphane Roudaut
5%
Mulhouse Frédéric Marquet
4%
Saint-Paul Emmanuel Séraphin
3%
Aucun quiz correspondant
Distribution des résultats
% des personnes avec chaque résultat
Percentile par nombre de réponses
Votre historique - résultats
Vous n’avez pas pris ce quiz